LIBRARY & INFORMATION CENTRE, KCAET, TAVANUR

ONLINE PUBLIC ACCESS CATALOGUE (OPAC)

Expert Committee on Environmental Sanitation / (Record no. 1283)

MARC details
000 -LEADER
fixed length control field 00394cam a2200145ua 4500
003 - CONTROL NUMBER IDENTIFIER
control field OSt
008 - FIXED-LENGTH DATA ELEMENTS--GENERAL INFORMATION
fixed length control field 191023b ||||| |||| 00| 0 eng d
082 ## - DEWEY DECIMAL CLASSIFICATION NUMBER
Classification number 628
Item number WHO/EX
100 ## - MAIN ENTRY--AUTHOR NAME
Personal name , .
245 00 - TITLE STATEMENT
Title Expert Committee on Environmental Sanitation /
260 ## - PUBLICATION, DISTRIBUTION, ETC. (IMPRINT)
Place of publication Geneva :
Name of publisher World Health Organisation ,
Year of publication 1950.
300 ## - PHYSICAL DESCRIPTION
Number of Pages 36 ; .
490 0# - SERIES STATEMENT
Series statement WHO Technical Report series ,
942 ## - ADDED ENTRY ELEMENTS (KOHA)
Koha item type Books
Holdings
Withdrawn status Lost status Damaged status Home library Current library Date acquired Full call number Accession Number Koha item type Cost, normal purchase price
Withdrawn     KAUAET KAUAET 23/10/2019 628 WHO/EX 754 Books 0.60
Withdrawn     KAUAET Malayalam University 07/04/2012 628 753 Books  
free website counter